NARZĘDZIA NIEZBĘDNE NA BUDOWIE: - Statystyki

Ogólne statystyki
  • Ten quiz został rozwiązany 115 razy
  • Średni wynik to 3 z 6
Statystyki odpowiedzi
Hint Odpowiedź % Poprawnych
4. MŁOTEK
93%
3. WIERTARKA
77%
1. BETONIARKA
52%
2. ŁOPATA
50%
6. SZLIFIERKA KĄTOWA | KĄTÓWKA
8%
5. TACZKI
4%
Nie znaleziono quizów pasujących do podanych kryteriów
Rozkład punktacji
Procent ludzi z każdym wynikiem
Percentyl według liczby udzielonych odpowiedzi
Twoja historia wyników
Nie rozwiązałeś tego quizu